| 000 | 00890nam a2200241 a 4500 | ||
|---|---|---|---|
| 005 | 20240606063732.0 | ||
| 008 | 121008s2006 mx r 000 0 spa d | ||
| 020 | _a9689082329 | ||
| 035 | _aUPN01000187177 | ||
| 049 | _aLTG | ||
| 050 | 4 |
_aLB2002 A1.46 _bH3.3 2006 |
|
| 245 | 0 | 0 |
_aHacia una planeación didáctica eficaz en la escuela primaria / _cMaría Durán Rodríguez ... [et al.]. |
| 250 | _a2a ed. | ||
| 260 |
_aMéxico : _bSEP, _c2006. |
||
| 300 | _a46 p. | ||
| 440 | 0 |
_aPrograma Nacional para la Actualización Permanente de los Maestros de Educación Básica en Servicio. _pTalleres Generales de Actualización |
|
| 500 | _a"Primaria" | ||
| 650 | 4 |
_aMaestros en servicio, Formación de _9390 |
|
| 650 | 2 |
_aPlan de clase _914466 |
|
| 700 | 1 |
_aDurán Rodríguez, María, _ecoaut. _932705 |
|
| 710 | 1 |
_aMéxico. _bSubsecretaría de Educación Básica _932706 |
|
| 905 | _aLibro | ||
| 999 |
_c159280 _d159280 |
||